[Event "NIV-Colomiers2/Rodez"]
[Site "Colomiers"]
[Date "2009.12.13"]
[Round "4.4"]
[White "Nenert, Louis"]
[Black "Ruault, Vincent"]
[Result "1-0"]
[WhiteElo "1760"]
[BlackElo "1710"]
[Annotator "Rybka 3 32-bit  (30s)"]
[PlyCount "79"]

1. e4 e6 2. d3 d5 3. Nd2 Nf6 4. Ngf3 c5 5. g3 h5 $146 (5... g6 6. Bg2
Bg7 7. O-O O-O 8. Re1 Nc6 9. c3 Kh8 (9... b6 10. e5 Nd7 11. d4 cxd4 12. cxd4 b5
13. Nf1 Bb7 14. h4 Rc8 15. Bg5 Qb6 16. Ne3 h6 17. Bf4 Ne7 18. Qd2 Kh7 19. Bf1
f5 20. Qb4 Rf7 21. Qxb5 Qxb5 22. Bxb5 Nb6 23. Rac1 a6 24. Bf1 {
Nun,J (2432)-Krouzel,J (2467)/CZE 1998/EXT 99/1-0 (37)}) 10. Qe2 (10. exd5 Nxd5
11. Nb3 b6 12. d4 c4 13. Nbd2 Qc7 14. Qa4 Na5 15. Ne5 f6 16. Ng4 Bd7 17. Qd1 b5
18. Nf1 Rae8 19. h4 Bc6 20. Bd2 Nb7 21. Qc2 Nd6 22. Re2 Qb7 23. Nfe3 Nxe3 24.
Nxe3 Ne4 {Belotti,B (2395)-Lputian,S (2602)/Reggio Emilia 1997/CBM 63/0-1 (48)}
) 10... b5 11. Nb3 c4 12. exd5 exd5 13. Nbd4 Nxd4 14. Nxd4 Bg4 15. Qf1 Qd7 16.
Bf4 Rfe8 17. Be5 Bf5 18. dxc4 bxc4 19. Nxf5 Qxf5 20. Bd4 {
Van der Weide,K (2383)-Krays,A (2423)/Sas van Ghent 1996/EXT 98/1/2-1/2}) (5...
b6 6. Bg2 dxe4 (6... Bb7 7. O-O Nc6 8. Re1 Be7 9. c3 h6 10. a3 a5 11. exd5 exd5
12. Nh4 O-O 13. Nf5 Re8 14. Qf3 Qc7 15. Nf1 Ne5 16. Qf4 Bd8 17. Nxg7 Kxg7 18.
Qxh6+ Kg8 19. Bf4 Nfg4 20. Qh5 Re6 21. Ne3 {
Hodgson,J (2428)-Seirawan,Y (2554)/Wijk aan Zee 1986/TD/1-0}) 7. dxe4 Ba6 8. c4
Nc6 9. Qa4 Bb7 10. O-O Qd7 11. e5 Nd4 12. Qxd7+ Nxd7 13. Nxd4 Bxg2 14. Kxg2
cxd4 15. f4 Rd8 16. Nf3 Nb8 17. a3 a5 18. b3 Nc6 19. Bd2 Be7 20. Rfb1 {
Ostermeyer,P (2478)-Kopp,B (2295)/BL2-W 1992/GER-chT2/1/2-1/2 (48)}) (5... Nc6
6. Bg2 $11) 6. Bg2 Nc6 7. O-O Ng4 (7... Be7 8. Qe2 $14) 8. h3 (8. exd5 $142
exd5 9. c4 $14) 8... h4 $2 (8... Nf6 9. exd5 Nxd5 10. Nc4 $14) 9. Nxh4 (9. hxg4
hxg3 10. fxg3 c4 $18) 9... Be7 $2 (9... Nf6 10. exd5 Nxd5 11. Nhf3 $16) 10. Ng6
$4 {letting the wind out of his own sails} (10. exd5 $142 {
and White has reached his goal} exd5 11. hxg4 Bxh4 12. gxh4 Rxh4 13. Re1+ Kf8
14. g5 $18) 10... fxg6 (10... Nxf2 11. Rxf2 fxg6 12. Qe1 $16) 11. Qxg4 $16 Kf7
(11... g5 12. Qd1 $16) 12. f4 (12. exd5 exd5 13. Qf3+ Bf6 14. Qxd5+ Qxd5 15.
Bxd5+ Be6 16. Bxc6 bxc6 $18) 12... Bf6 (12... Kg8 13. c3 $18) 13. e5 (13. Nf3
e5 14. Ng5+ Bxg5 15. Qxg5 Qxg5 16. fxe5+ Kg8 17. Bxg5 d4 $18) 13... Be7 $16 14.
c3 Rh6 (14... Qb6 15. Qe2 $16) 15. Nf3 (15. Qe2 Qb6 $16) 15... Rh5 (15... Kg8
$5 $16) 16. Ng5+ $18 Bxg5 17. fxg5+ Ke7 $2 (17... Kg8 $142 $5 $16) 18. Qf4 $18
Qe8 19. Bd2 (19. b4 {and White can already relax} cxb4 20. cxb4 Kd8 $18) 19...
Bd7 (19... Rh8 20. Qe3 b6 21. b4 cxb4 22. cxb4 $18) 20. Rf2 (20. c4 {
seems even better} Rd8 $18) 20... Rh8 21. Qg4 (21. Raf1 Rc8 $18) 21... Nxe5 (
21... Rf8 22. Rxf8 Qxf8 23. Rf1 $18) 22. Qe2 Nc6 23. h4 (23. Bxd5 Kd8 24. Bxc6
Bxc6 $18) 23... Kd8 24. Raf1 Ne7 (24... Rc8 25. c4 $18) 25. Bh3 (25. Qe5 Nf5
$18) 25... Nf5 26. Bf4 (26. Qe5 b6 $18) 26... b6 $2 (26... Qe7 27. Re1 Re8 28.
h5 gxh5 29. Bxf5 exf5 30. Bc7+ Kxc7 31. Qxe7 Rxe7 32. Rxe7 $18) 27. Qe5 (27. g4
Rxh4 28. Bg2 Rc8 $18) 27... Rc8 28. Bxf5 (28. c4 d4 $18) 28... exf5 $16 29.
Qxg7 (29. Qxd5 $142 Qe6 30. Qxe6 Bxe6 31. Re2 $16) 29... Rg8 $4 {
further deteriorates the position} (29... Rc6 $142 30. Qe5 Qxe5 31. Bxe5 Re8
$16) 30. Qf6+ $18 Qe7 31. Re2 Qxf6 32. gxf6 Rc6 (32... Rf8 33. Rfe1 Rxf6 34.
Bg5 $18) 33. Bg5 Rf8 34. Rfe1 Rcxf6 (34... Rfxf6 35. Re5 $18) 35. Bxf6+ (35.
Re6 $142 $1 {and White has it in the bag} Bxe6 36. Rxe6 Kd7 37. Rxf6 Rxf6 38.
Bxf6 Kd6 $18) 35... Rxf6 36. d4 cxd4 37. cxd4 Rf7 (37... a5 38. Re5 $18) 38.
Re5 f4 (38... Rh7 {is not the saving move} 39. Rxd5 g5 40. hxg5 $18) 39. Kf2 (
39. Rf1 $5 {might be the shorter path} f3 40. Rxd5 Rf6 $18) 39... Kc7 40. Rxd5
1-0

[Event "NIV-Colomiers2/Rodez"]
[Site "Colomiers"]
[Date "2009.12.13"]
[Round "4.5"]
[White "Ruault, Nicolas"]
[Black "Martinez, Loîc"]
[Result "0-1"]
[WhiteElo "1760"]
[BlackElo "1722"]
[Annotator "Rybka 3 32-bit  (30s)"]
[PlyCount "62"]

1. Nf3 b6 2. g3 Bb7 3. Bg2 Nf6 (3... e5 4. d4 e4 5. Ng5 d5 6. c4 Be7 7.
h4 h6 8. Nh3 dxc4 9. Qa4+ Nd7 10. Qxc4 Ngf6 11. Nf4 O-O 12. Nc3 Re8 13. Be3 a6
14. Rd1 b5 15. Qb3 Bd6 16. Bh3 Nb6 17. Bf5 Nc4 18. a4 {
Gross,S (2372)-Krivoshey,S (2435)/Komarno 1997/EXT 98/0-1}) 4. O-O e6 (4... d5
5. c4 dxc4 6. Na3 e6 7. Nxc4 Nbd7 8. Qc2 Be7 9. b3 O-O 10. Bb2 c5 11. d3 Qc7
12. e4 Rac8 13. Rac1 Rfd8 14. Qb1 b5 15. Ne3 Qb6 16. h3 Nb8 17. Ng4 Ne8 18. h4
Nc6 {1/2-1/2 Pogorelov,R (2496)-Psakhis,L (2605)/Andorra 1996/CBM 54 ext}) 5.
d4 d5 $146 (5... c5 6. c4 cxd4 7. Qxd4 Nc6 8. Qf4 Qb8 9. Nc3 Bd6 10. Qg5 O-O
11. Bf4 Bxf4 12. gxf4 h6 13. Qh4 Ne7 14. Ne5 Bxg2 15. Kxg2 Qb7+ 16. Kg1 Rac8
17. b3 d5 18. Rad1 Nf5 19. Qh3 dxc4 20. bxc4 {
Holst,P (2200)-Kroll,O (2295)/Aarhus 1985/MCD/0-1 (35)}) (5... Be7 6. c4 $14)
6. b3 (6. c4 dxc4 7. Qa4+ Nbd7 $11) 6... Nbd7 (6... Bd6 7. c4 $11) 7. Bb2 (7.
c4 dxc4 8. bxc4 Bb4 $14) 7... Ne4 (7... c5 8. Ba3 $11) 8. Re1 (8. Nfd2 Ndf6 $11
) 8... Bb4 {NOTEXT: Fb4xe1} 9. c3 {NOTEXT: c3xb4} Bd6 10. c4 Bb4 (10... O-O 11.
Nc3 $11) 11. Nbd2 Nxd2 (11... dxc4 12. bxc4 Nxd2 13. Nxd2 Bxg2 14. Kxg2 $11)
12. Nxd2 Qg5 {NOTEXT: Dg5xd2} 13. f4 {NOTEXT: f4xg5} Qg6 14. a3 Bxd2 15. Qxd2 {
NOTEXT} Nf6 16. Rac1 O-O 17. cxd5 Bxd5 18. Bxd5 exd5 19. Rxc7 {NOTEXT: e2.} Ne4
{A beautiful square!} 20. Qd3 (20. Qc2 Qf5 $14) 20... h5 21. Rec1 h4 {
NOTEXT: h4xg3} 22. R1c6 {NOTEXT: Tc6xg6} Qf5 23. Kg2 g6 (23... Rac8 24. Bc3 $11
) 24. Bc1 (24. Qf3 Rfc8 $11) 24... Kg7 {NOTEXT} 25. Qf3 Nf6 (25... hxg3 26.
hxg3 Nf6 27. Kg1 $11) 26. Re7 (26. gxh4 Rh8 27. Qh3 Qe4+ 28. Kf2 $11) 26...
Rac8 $11 {NOTEXT: Tc8xc6} 27. Re5 $4 (27. Rcc7 $142 $11 {was possible}) 27...
h3+ $19 28. Kf1 (28. Kf2 {there is nothing better in the position} Ng4+ 29. Ke1
Nxe5 30. dxe5 Rxc6 31. Bd2 $19) 28... Rxc6 29. Rxf5 Rxc1+ 30. Kf2 Ne4+ (30...
gxf5 31. a4 Ng4+ 32. Qxg4+ fxg4 33. a5 Re8 34. f5 Rc2 35. Ke1 Rexe2+ 36. Kd1
Rcd2+ 37. Kc1 Rxh2 38. f6+ Kxf6 39. axb6 Rdg2 40. bxa7 Rg1#) 31. Ke3 (31. Qxe4
{desperation} dxe4 32. Rg5 $19) 31... Rc3# 0-1

[Event "NIV-Colomiers2/Rodez"]
[Site "Colomiers"]
[Date "2009.12.13"]
[Round "4.6"]
[White "De Biasi, Robert"]
[Black "Nassar, Christophe"]
[Result "1-0"]
[WhiteElo "1764"]
[BlackElo "173"]
[Annotator "Rybka 3 32-bit  (30s)"]
[PlyCount "69"]

1. c4 Nf6 2. Nc3 g6 3. g3 Bg7 4. Bg2 d6 5. e3 O-O 6. Nge2 Nc6 7. d4 e5
8. d5 Ne7 9. O-O (9. b3 Nf5 10. Bb2 e4 11. Qc2 Re8 12. h3 Qe7 13. O-O-O Bd7 14.
Rhg1 h5 15. Kb1 a6 16. Nc1 b5 17. cxb5 axb5 18. b4 c5 19. dxc6 {
1/2-1/2 Smejkal,J (2555)-Stohl,I (2550)/Ostrava 1994/CBM 42}) 9... Nd7 10. e4
$146 (10. Rb1 a5 11. a3 Nb6 12. b3 f5 13. f4 e4 14. Bb2 Bd7 15. a4 Be8 16. Nd4
Bf7 17. g4 c6 18. dxc6 bxc6 19. gxf5 gxf5 20. Bh3 d5 21. Nxf5 Nxf5 22. Bxf5 Qh4
23. Nxe4 dxe4 24. Rf2 Bxb2 {
Malis,J (2225)-Misiuga,A (2225)/Moravia-chT 9697 1997/EXT 98/0-1 (33)}) 10...
f5 {Attacks the pawn chain} (10... a6 11. Be3 $14) 11. f4 (11. exf5 gxf5 12.
Qc2 Ng6 $14) 11... Nb6 (11... a6 12. Qc2 $11) 12. b3 {Secures a4+c4} (12. fxe5
Bxe5 13. Bh6 Re8 $14) 12... fxe4 $11 13. Bxe4 (13. fxe5 Bg4 14. Nxe4 Bxe5 $11)
13... Bg4 (13... Bh3 14. Re1 $11) 14. Qc2 (14. Qd2 Nd7 $11) 14... Bxe2 (14...
Nf5 15. Rb1 $15) 15. Qxe2 (15. Nxe2 $5 {should be investigated more closely}
exf4 16. Bb2 Bxb2 17. Qxb2 fxg3 18. Nd4 $14) 15... exf4 $15 {NOTEXT.} 16. Bb2
fxg3 17. Rxf8+ (17. hxg3 $5 Qd7 18. Rae1 $15) 17... Qxf8 $17 18. hxg3 a6 (18...
Bd4+ $5 19. Kg2 Qg7 $17) 19. Rf1 $15 {NOTEXT: Tf1xf8} Qc8 {NOTEXT} (19... Bd4+
20. Kg2 Qg7 21. Bc2 $15) 20. Kg2 {NOTEXT} (20. Nd1 Bxb2 21. Nxb2 Qh3 $11) 20...
Qd7 (20... Nd7 21. Bf3 Qe8 22. g4 $11) 21. Nd1 (21. Bd3 $142 Nf5 22. Bxf5 gxf5
23. Qc2 $11) 21... Bh6 $4 {
not a good decision, because now the opponent is right back in the game} (21...
Rf8 $142 $15 {would keep Black in the game}) 22. Ne3 $18 Bxe3 $4 {
leading to a quick end} (22... Rf8 $142 23. Ng4 Bg5 $18) 23. Qxe3 Nf5 (23...
Qg4 {is one last hope} 24. Qd4 Qe2+ 25. Kg1 Qxf1+ 26. Kxf1 Rf8+ 27. Kg2 Kf7 28.
Qg7+ Ke8 29. Qxh7 Rf7 30. Bxg6 Nxg6 31. Qxg6 Nc8 $18) 24. Bxf5 gxf5 25. Qd4 (
25. Qg5+ Kf8 26. Rxf5+ Qxf5 27. Qxf5+ Ke7 28. Qxh7+ Kf8 29. Qg7+ Ke8 30. Qg6+
Ke7 31. Bf6+ Kf8 32. Qg7+ Ke8 33. Qe7#) 25... Rf8 (25... Qe7 {
does not solve anything} 26. Rxf5 Qe2+ 27. Kh3 Qxb2 28. Rg5+ Kf7 29. Rg7+ Kf8
30. Qxb2 Nd7 31. Rxd7 Ke8 32. Rxh7 Kd8 33. Qh8#) 26. Qh8+ Kf7 27. Qf6+ (27.
Qg7+ Ke8 28. Re1+ Qe6 29. Rxe6+ Kd8 30. Qxf8+ Kd7 31. Qe8#) 27... Kg8 28. Qh8+
{NOTEXT} Kf7 29. Qxh7+ (29. Qg7+ Ke8 30. Re1+ Qe6 31. Rxe6+ Kd8 32. Qxf8+ Kd7
33. Qe8#) 29... Ke8 $18 30. Re1+ Kd8 31. Bf6+ Kc8 32. Re7 Qd8 (32... f4 {
is still a small chance} 33. Rxd7 Nxd7 $18) 33. Rf7 Rxf7 (33... Qxf6 34. Rxf6
Rxf6 35. Qe7 $18) 34. Qxf7 Qd7 35. Qf8+ (35. Qf8+ Qe8 36. Qxe8#) 1-0

[Event "NIV-Colomiers2/Rodez"]
[Site "Colomiers"]
[Date "2009.12.13"]
[Round "4.7"]
[White "Barrera, Charles"]
[Black "Cremers, Bertrand"]
[Result "1-0"]
[WhiteElo "1730"]
[BlackElo "1660"]
[Annotator "Rybka 3 32-bit  (30s)"]
[PlyCount "139"]

1. d4 Nf6 2. Nf3 g6 3. g3 Bg7 4. c4 O-O 5. Bg2 d6 6. Nc3 Nbd7 7. O-O c5
8. d5 (8. b3 cxd4 9. Nxd4 Nc5 10. Bb2 a5 11. Qc2 Bd7 12. Rad1 Qc8 13. Rfe1 a4
14. e4 Re8 15. Nde2 Qc7 16. Nf4 e6 17. Nd3 Red8 18. Nxc5 dxc5 19. Nxa4 Bxa4 20.
bxa4 Nd7 21. Bxg7 Kxg7 22. f4 e5 {
Maroczy,G (2663)-Landau,S (2550)/NLD m2 1930/HCL/1-0 (53)}) 8... a6 9. Qc2 $146
(9. Re1 Rb8 10. a4 b6 11. e4 Ne8 12. Bf4 Ne5 13. Qe2 Nc7 14. Nxe5 Bxe5 15. Bxe5
dxe5 16. Qe3 Qd6 17. Bf1 Bd7 18. b3 Rfc8 19. Rec1 Kg7 20. Nd1 h5 21. Nb2 h4 22.
Nd3 hxg3 23. hxg3 a5 {
Behrens,H (2302)-Lau,D (2252)/Germany 1998/EXT 99/1-0 (67)}) (9. h3 Rb8 $11)
9... Rb8 (9... b5 10. Nd2 $11) 10. a4 $11 {NOTEXT: c8} Nb6 (10... Ng4 11. h3
Nge5 12. Nd2 $11) 11. Nd2 Bd7 (11... Nbd7 12. a5 $11) 12. e4 (12. a5 Na8 $11)
12... Ng4 (12... e5 13. b3 $11) 13. b3 (13. a5 Na8 $14) 13... Bd4 (13... e5 14.
Nf3 $14) 14. Nf3 $14 Bg7 15. Bb2 (15. h3 Nf6 16. Re1 Nc8 $14) 15... Ne5 16.
Nxe5 Bxe5 17. Ne2 f6 {Consolidates e5} 18. f4 Bxb2 19. Qxb2 e5 (19... Nc8 $5
$14 {must definitely be considered}) 20. dxe6 $16 Bxe6 21. Nc3 (21. f5 $142 Bf7
22. Rad1 $16) 21... Qd7 $2 (21... Qe7 22. Qd2 $16) 22. Rad1 (22. f5 Bf7 23. a5
Na8 24. fxg6 hxg6 25. Rxf6 Qe7 $18) 22... Nc8 $2 {
The knight aims for Cb6-c8-e7-c6-d4} (22... Qe7 23. a5 Na8 24. f5 $16) 23. Nd5
$4 {White loses the upper hand} (23. f5 $142 {ends the debate} Bf7 24. fxg6
hxg6 25. Rxf6 $18) 23... Bxd5 $14 24. Rxd5 Ne7 {NOTEXT: Ce7xd5} 25. Rd3 Nc6 26.
Rfd1 Nd4 {The knight dominates} 27. Re3 (27. Rxd4 $5 cxd4 28. Qxd4 $14) 27...
Rfe8 (27... Qc7 28. g4 $11) 28. Rde1 (28. Rxd4 cxd4 29. Qxd4 Qe6 $11) 28... b5
(28... Qc7 29. Rc1 $11) 29. axb5 (29. cxb5 axb5 30. a5 Re7 $11) 29... axb5 30.
e5 (30. cxb5 Qxb5 31. e5 dxe5 $11) 30... fxe5 31. Bd5+ {A classical outpost}
Kf8 (31... Kh8 $142 $5 {is an interesting alternative} 32. fxe5 bxc4 33. exd6
Rxe3 34. Rxe3 cxb3 35. Rxb3 Rxb3 36. Bxb3 Qxd6 $17) 32. fxe5 $14 dxe5 (32...
bxc4 33. Rf1+ Kg7 34. Rf7+ Qxf7 35. Bxf7 Kxf7 36. Qf2+ Kg7 37. Qf6+ Kg8 38.
bxc4 $14 (38. Qxd6 $2 {leads to nothing} cxb3 39. Qd5+ Kh8 40. Rxb3 Rxb3 41.
Qxc5 Nf3+ 42. Kg2 Nxe5 $19)) 33. Qf2+ (33. Rf1+ $142 $5 Kg7 34. Rf7+ Qxf7 35.
Bxf7 Kxf7 36. Qg2 $16) 33... Qf5 34. Qg2 Kg7 35. Rf1 {NOTEXT: Tf1xf5} Qg5 36.
Rf7+ Kh8 37. Qf2 Nf5 {NOTEXT: Cf5xe3} 38. Re4 Qc1+ (38... bxc4 $142 $5 {
is worth looking at} 39. Bxc4 Re7 $11) 39. Re1 $16 Qg5 40. Qxc5 (40. Bc6 Re7
41. h4 Qg4 42. Rxe7 Nxe7 43. cxb5 Nf5 $16) 40... bxc4 (40... Qd2 41. Qf2 Qxf2+
42. Kxf2 bxc4 43. bxc4 $14) 41. bxc4 (41. Qc7 Qh6 42. Bxc4 Ra8 $14) 41... h5 (
41... Qd2 $5 {should be considered} 42. Qf2 Qc3 $11) 42. Qa7 Qh6 43. Qa1 (43.
Qc7 $142 $16) 43... Nd4 $4 (43... Qd2 44. Rxe5 Rb1+ 45. Qxb1 Qd4+ 46. Kh1 Qxe5
$16) 44. Qa7 (44. Qa6 $142 $5 {keeps an even firmer grip} Ne6 45. Bxe6 Qd2 $18)
44... Rbd8 $4 {Black lets it slip away} (44... Nf5 45. Qc7 $16) 45. Ref1 (45.
Qa6 $142 {secures the win} Qg5 46. Kh1 $18) 45... Nf5 $16 46. Qb6 (46. Rb1 $142
$5 Rf8 47. Re1 $14) 46... Qe3+ $11 47. Qxe3 Nxe3 48. R1f6 Nxd5 49. cxd5 Rxd5
50. Rxg6 e4 51. Rff6 Rde5 52. Kf2 e3+ {He broke from his leash} 53. Ke2 Rd5 54.
Rd6 Rde5 55. Rgf6 Ra5 56. Ra6 Rxa6 (56... Rb5 57. Rab6 Ra5 58. Rb2 $14) 57.
Rxa6 $14 Kg7 58. Ra3 {NOTEXT: Ta3xe3} Kf6 59. Rxe3 Rxe3+ $2 (59... Rb8 $142 $14
{and Black hangs on}) 60. Kxe3 $18 Kg5 $4 {a blunder in a bad position} (60...
Kf5 $18) 61. Kf3 Kf5 62. h3 Kg5 63. Ke4 h4 64. g4 Kg6 (64... Kf6 {
hoping against hope} 65. Kf3 Kg5 $18) 65. Kf4 Kf6 66. Ke4 (66. g5+ Kg7 67. Kg4
Kh7 68. Kxh4 Kg7 $18) 66... Kg5 $4 {simply marches past the door to victory} (
66... Kg6 67. Kd4 Kh6 $18) 67. Ke5 $18 Kg6 68. Kf4 {NOTEXT} (68. Ke6 $142 {
and White can celebrate victory} Kg7 69. Kf5 Kf7 $18) 68... Kh6 $4 {
ruins a very nice position} (68... Kf6 69. g5+ Ke7 $18) 69. Kf5 $18 Kg7 70. Kg5
(70. Kg5 Kf7 71. Kh6 $18) 1-0

[Event "NIV-Colomiers2/Rodez"]
[Site "Colomiers"]
[Date "2009.12.13"]
[Round "4.8"]
[White "Cuq, Christian"]
[Black "Caray, Jérôme"]
[Result "1/2-1/2"]
[WhiteElo "1458"]
[BlackElo "1499"]
[Annotator "Rybka 3 32-bit  (30s)"]
[PlyCount "107"]

1. e4 c5 2. a3 (2. g3 d5 3. Bg2 dxe4 4. Nc3 f5 5. f3 exf3 6. Nxf3 Nc6
7. O-O e5 8. d3 Be7 9. Qe2 Bf6 10. Be3 Qd6 11. Nb5 Qe7 12. Qf2 Nd4 13. Nbxd4
cxd4 14. Bxd4 exd4 15. Rae1 Be6 16. Rxe6 Qxe6 {
Spielmann,R (2630)-Bogoljubow,E (2686)/Semmering 1932/HCL/1-0 (56)}) 2... Nc6
3. Nf3 $146 (3. b4 cxb4 (3... e5 4. b5 Na5 5. c4 d6 6. d3 f5 7. Nc3 Be7 8. g3
Nf6 9. Bg2 fxe4 10. Nxe4 Bf5 11. Nc3 a6 12. a4 O-O 13. Nge2 Qe8 14. Nd5 Bd8 15.
Ne3 Bg6 16. O-O e4 17. d4 Bh5 18. Bb2 {
Kuipers,E (2230)-Ikonnikov,V (2575)/Vlissingen 1998/EXT 99/0-1 (38)}) 4. axb4
Nxb4 5. c3 Nc6 6. d4 d5 7. e5 Bf5 8. Bd3 Bxd3 9. Qxd3 e6 10. Ne2 Nge7 11. O-O
Nf5 12. f4 g6 13. Nd2 Be7 14. Nf3 O-O 15. g4 Ng7 16. Kh1 f5 17. exf6 Rxf6 {
Kovacs,G (2245)-Parkanyi,A (2348)/Budapest 1996/EXT 99/0-1 (38)}) 3... e6 4.
Be2 Nf6 5. d3 {Consolidates e4} (5. Nc3 Qb6 $11) 5... Be7 (5... d5 6. exd5 exd5
7. d4 $11) 6. O-O {NOTEXT} O-O 7. c3 {Prevents intrusion on b4+d4} (7. Bf4 d6
$11) 7... b6 (7... d5 8. e5 Nd7 9. d4 $11) 8. Bf4 (8. e5 Ne8 $11) 8... Bb7 (
8... d5 9. e5 Ne8 10. Nbd2 $11) 9. Nbd2 (9. h3 d5 $11) 9... d6 {Controls e5} (
9... Nh5 10. Bg5 $11) 10. h3 {Covers g4} b5 (10... h6 11. Qc1 $11) 11. Re1 (11.
b4 e5 12. Bh2 Qb6 $11) 11... a5 (11... a6 12. a4 $11) 12. Bf1 {
White prepares e5} (12. a4 b4 $11) 12... Qd7 (12... a4 13. Bh2 $11) 13. Bh2 (
13. d4 cxd4 14. cxd4 Ba6 $14) 13... Ba6 (13... a4 14. Qe2 $11) 14. Rc1 (14. d4
cxd4 15. Nxd4 Nxd4 16. cxd4 Qa7 $11) 14... Rfb8 (14... a4 15. d4 $11) 15. e5 {
NOTEXT: e5xf6} (15. d4 cxd4 16. cxd4 Rc8 $14) 15... Ne8 (15... dxe5 16. Nxe5
Nxe5 17. Bxe5 $14) 16. Ne4 (16. exd6 Nxd6 17. Nb3 Qa7 $16) 16... dxe5 (16... d5
17. Ned2 $11) 17. Nxe5 Nxe5 18. Bxe5 f6 $4 {Secures g5} (18... Rd8 $142 $11 {
the only rescuing move}) 19. Bxb8 $18 Rxb8 20. Qe2 (20. d4 $5 cxd4 21. cxd4 Bb7
$18) 20... Bb7 21. Ng3 (21. Qe3 Rc8 $18) 21... Nc7 22. Rcd1 (22. d4 Bd5 $16)
22... Bd6 (22... b4 23. axb4 cxb4 24. c4 $16) 23. Ne4 Bf8 (23... Ba8 24. Nxd6
Qxd6 25. Qe3 $18) 24. d4 c4 25. Nc5 (25. Qg4 Qd8 26. Nc5 Bd5 $18) 25... Bxc5
$16 26. dxc5 Bd5 27. Rd2 (27. Qe3 Qc6 $16) 27... Qc6 28. Qe3 Na6 29. Rxd5 (29.
Qf4 $5 $14 {must be considered}) 29... Qxd5 (29... exd5 30. Qf4 Rb7 $11) 30. g3
(30. Qxe6+ Qxe6 31. Rxe6 Nxc5 $11) 30... e5 (30... Nxc5 31. Be2 $17) 31. c6
Qxc6 32. Rd1 Qc7 (32... Nc5 $5 $15 {is worthy of consideration}) 33. Rd5 $11 b4
{Black gets more space} (33... a4 34. Bg2 $11) 34. Bg2 (34. Qe4 $142 $5 bxc3
35. Qxc4 Qxc4 36. Bxc4 $16) 34... bxa3 35. bxa3 Rd8 (35... Kf8 $142 $5 $11 {
and Black can hope to survive}) 36. Qd2 $16 Rxd5 37. Qxd5+ (37. Bxd5+ $6 Kf8
38. Qe2 Nc5 $11) 37... Kf8 38. Be4 (38. Bf1 $142 Nc5 39. Bxc4 $16) 38... g6 $2
{Prevents intrusion on f5} (38... h6 $142 $16) 39. Qe6 $18 Nc5 40. Qxf6+ Qf7
41. Qxe5 (41. Qh8+ Qg8 42. Qxe5 Nxe4 43. Qxe4 Qf7 $18) 41... Nxe4 42. Qxe4 Qc7
$4 {Black crumbles in face of a dire situation} (42... a4 43. Qa8+ Kg7 44. Qxa4
$18) 43. Qe6 (43. Qf4+ $142 {secures victory} Qxf4 44. gxf4 $18) 43... Qc5 44.
Qf6+ Kg8 45. a4 (45. Qd8+ $5 Kg7 46. Qd7+ Kh6 47. a4 $18) 45... Qd5 $14 46. Kh2
Qd7 47. h4 Qxa4 48. h5 (48. Qe6+ Kg7 $14) 48... gxh5 49. Qg5+ {NOTEXT: h5+g8}
Kh8 50. Qf6+ Kg8 51. Qg5+ {NOTEXT} Kf8 52. Qh6+ {NOTEXT: f8+h7} Ke7 53. Qxh7+
Kd6 54. Qg6+ 1/2-1/2